00608 2200181 4500245003400000020002200034250001100056100001700067700001000084650002000094005001900114260003200133041001400165084001100179300002300190500020400213336000900417 aThank YoucAdara KiranahText a978-602-60443-9-6 aCet. 1 aAdara Kirana aYooki aNovel Indonesia a20230926085544 aDepokbPenerbit Inaric2017 aIndonesia a808.83 a210 hlm. :c19 cm. aAdelia dan teman-temannya punya sebuah permainan. Sebuah kaleng bekas diisi berbagai tantangan. Yang mendapatkan kertas itu harus melaksanakan tantangannya, dan diakhiri dengan ucapan 'Terima Kasih'. atext